000 00982nam1a22002411 4500
001 rc\2889763
005 20110724202824.8
035 _a(NLR Aleph) 007042111
090 _a6107652
_c6107652
100 _a20110724d1931 |||y0rusy50 ca
101 0 _arus
102 _aRU
105 _ay z |||||
200 1 _aБюллетень Станции
_e№ 1-
_fПод общ. ред. дир. Новгородской болотной опыт. станции Ф.С. Федорова
_gНКЗ РСФСР. Новгородская болотная опыт. станция
210 _aНовгород
_cНовгородская болотная опыт. станция
_d1931
215 _d20 см
702 1 _aФедоров
_bФ. С.
_4340
710 0 2 _aНовгородская сельско-хозяйственная болотная опытная станция
801 0 _aRU
_bNLR
_gpsbo
801 1 _aRU
_bELAR
_2rusmarc
852 _aNLR
_j32-17/43
942 _cBOOK
980 _aNB